Phân lập và tuyển chọn vi khuẩn nội sinh trong cây cà phê vối (Coffea canephora Pierre ex A. Froehner) trồng tại tỉnh Đắk Lắk : Luận văn tốt nghiệp Cao học. Chuyên ngành Công nghệ Sinh học
Phân lập và tuyển chọn một số dòng vi khuẩn nội sinh trong cây cà phê vối trồng ở tỉnh Đắk Lắk có khả năng cố định đạm, hòa tan lân khó tan và tổng hợp IAA tốt.
Na minha lista:
| Autor principal: | |
|---|---|
| Formato: | Livro |
| Idioma: | Undetermined |
| Publicado em: |
Cần Thơ
Trường Đại học Cần Thơ
2017
|
| Assuntos: | |
| Tags: |
Adicionar Tag
Sem tags, seja o primeiro a adicionar uma tag!
|
| Thư viện lưu trữ: | Trung tâm Học liệu Trường Đại học Cần Thơ |
|---|
| LEADER | 01114nam a2200193Ia 4500 | ||
|---|---|---|---|
| 001 | CTU_224283 | ||
| 008 | 210402s9999 xx 000 0 und d | ||
| 082 | |a 579.3 | ||
| 082 | |b L609 | ||
| 100 | |a Nguyễn, Hoàng Nhựt Lynh | ||
| 245 | 0 | |a Phân lập và tuyển chọn vi khuẩn nội sinh trong cây cà phê vối (Coffea canephora Pierre ex A. Froehner) trồng tại tỉnh Đắk Lắk : | |
| 245 | 0 | |b Luận văn tốt nghiệp Cao học. Chuyên ngành Công nghệ Sinh học | |
| 245 | 0 | |c Nguyễn Hoàng Nhựt Lynh ; Nguyễn Hữu Hiệp (Cán bộ hướng dẫn) | |
| 260 | |a Cần Thơ | ||
| 260 | |b Trường Đại học Cần Thơ | ||
| 260 | |c 2017 | ||
| 520 | |a Phân lập và tuyển chọn một số dòng vi khuẩn nội sinh trong cây cà phê vối trồng ở tỉnh Đắk Lắk có khả năng cố định đạm, hòa tan lân khó tan và tổng hợp IAA tốt. | ||
| 650 | |a Vi sinh học,Microbiology | ||
| 980 | |a Trung tâm Học liệu Trường Đại học Cần Thơ | ||